[Event "Sofia Accedia op"]
[Site "Sofia"]
[Date "2023.03.25"]
[Round "6"]
[White "Raev, Rostislav"]
[Black "Petrov, Anton"]
[Result "1-0"]
[WhiteElo "2132"]
[BlackElo "1984"]
[PlyCount "32"]
[EventDate "2023.03.25"]
[EventType "swiss"]
[EventRounds "9"]
[EventCountry "BUL"]
[SourceTitle "CBM 213 Extra"]
[Source "ChessBase"]
[SourceDate "2023.05.31"]
[SourceVersion "1"]
[SourceVersionDate "2023.05.31"]
[SourceQuality "1"]

1. d4 d6 2. Nf3 Nd7 3. e4 e5 4. Bc4 exd4 5. Nxd4 Ngf6 6. Nc3 Ne5 7. Bb3 Nc6 8. Nxc6 bxc6 9. e5 Ng4 10. e6 Qh4 11. g3 Qh3 12. exf7+ Kd8 13. Bg5+ Be7 14. Bxe7+ Kxe7 15. Qe2+ Kd8 16. 0-0-0 Ne5 1-0

[Event "Paracin Summer op-B 12th"]
[Site "Paracin"]
[Date "2019.07.08"]
[Round "4"]
[White "Manova, Ivana"]
[Black "Petrov, Anton"]
[Result "0-1"]
[WhiteElo "1845"]
[BlackElo "1952"]
[PlyCount "160"]
[EventDate "2019.07.05"]
[EventType "swiss"]
[EventRounds "9"]
[EventCountry "SRB"]
[SourceTitle "EXT 2020"]
[Source "ChessBase"]
[SourceDate "2019.10.17"]
[SourceVersion "1"]
[SourceVersionDate "2019.10.17"]
[SourceQuality "1"]

1. e4 e6 2. d4 d5 3. Nd2 c5 4. Ngf3 Nf6 5. e5 Nfd7 6. c3 Nc6 7. Bd3 Be7 8. 0-0 g5 9. dxc5 Nxc5 10. Bb5 Qb6 11. Nd4 Nd7 12. Bxc6 bxc6 13. Re1 c5 14. Nc2 Qc7 15. f4 gxf4 16. Nf3 Bb7 17. Bxf4 0-0-0 18. b4 Rhg8 19. Rb1 Nb6 20. bxc5 Bxc5+ 21. Ncd4 Qd7 22. Re2 Qa4 23. Qb3 Ba6 24. Reb2 Kd7 25. Bg5 Rc8 26. Kh1 Bc4 27. Qxa4+ Nxa4 28. Rb7+ Rc7 29. Rb8 Rgc8 30. Rxc8 Kxc8 31. Bd2 Bf8 32. Nb3 Bd3 33. Re1 Bg6 34. Nfd4 a6 35. Rf1 Bg7 36. Nf3 Nxc3 37. a3 Bd3 38. Re1 Ne4 39. Ba5 Rc2 40. Nbd4 Rc4 41. Nb3 Bf8 42. Re3 Bh6 43. Re1 Rc2 44. Bb4 Bc4 45. Nbd4 Rc1 46. Rxc1 Bxc1 47. g3 Ng5 48. Nxg5 Bxg5 49. Kg2 Kd7 50. a4 Bd3 51. Kf2 Bd8 52. a5 Be4 53. Nb3 Kc6 54. Nd4+ Kb7 55. Nb3 Bc2 56. Nc5+ Ka7 57. Ke3 Bg5+ 58. Kd4 Bc1 59. Bc3 Ba3 60. Nd7 Be7 61. Nc5 h5 62. h4 Bd1 63. Nd3 Kb7 64. Nc5+ Ka7 65. Nd3 Be2 66. Nf4 Bg4 67. Nd3 f6 68. Bd2 Kb7 69. exf6 Bxf6+ 70. Kc5 Be7+ 71. Kd4 Bd6 72. Nc5+ Ka7 73. Nd7 Bxg3 74. Bg5 Be1 75. Bd8 Be2 76. Ke5 Bg3+ 77. Kxe6 Bg4+ 78. Kxd5 Bxd7 79. Kc5 Kb7 80. Kd5 Bc7 0-1

[Event "Paracin Summer op-B 12th"]
[Site "Paracin"]
[Date "2019.07.06"]
[Round "3"]
[White "Petrov, Anton"]
[Black "Yang, Sung Jui"]
[Result "1/2-1/2"]
[WhiteElo "1952"]
[BlackElo "1738"]
[PlyCount "77"]
[EventDate "2019.07.05"]
[EventType "swiss"]
[EventRounds "9"]
[EventCountry "SRB"]
[SourceTitle "EXT 2020"]
[Source "ChessBase"]
[SourceDate "2019.10.17"]
[SourceVersion "1"]
[SourceVersionDate "2019.10.17"]
[SourceQuality "1"]

1. e4 e6 2. d4 d5 3. Nc3 Nf6 4. Bg5 Bb4 5. e5 h6 6. exf6 hxg5 7. fxg7 Rg8 8. h4 gxh4 9. Qh5 Qf6 10. Rxh4 Qxg7 11. 0-0-0 a6 12. Nf3 Nc6 13. Qh7 Bd7 14. Qd3 Rh8 15. Rxh8+ Qxh8 16. a3 Bd6 17. Kb1 0-0-0 18. b4 Na7 19. Ka2 Nb5 20. Rb1 f6 21. Nd2 Nxc3+ 22. Qxc3 e5 23. b5 axb5 24. Bxb5 Bxb5 25. Rxb5 c6 26. Rb1 Qh7 27. Nb3 exd4 28. Nxd4 Be5 29. Qa5 Qc7 30. Qa4 Bxd4 31. Qxd4 Qe5 32. Qb4 Rd7 33. Re1 Qf5 34. Re2 d4 35. Qc4 Qd5 36. Qxd5 Rxd5 37. Kb3 d3 38. Rd2 dxc2 39. Kxc2 1/2-1/2

[Event "FRM-ch"]
[Site "Ohrid"]
[Date "2017.08.18"]
[Round "6"]
[White "Capanov, Mile"]
[Black "Petrov, Anton"]
[Result "0-1"]
[WhiteElo "1924"]
[BlackElo "1862"]
[PlyCount "110"]
[EventDate "2017.08.13"]
[EventType "swiss"]
[EventRounds "9"]
[EventCountry "MKD"]
[SourceTitle "CBM 180 Extra"]
[Source "ChessBase"]
[SourceDate "2017.10.06"]
[SourceVersion "1"]
[SourceVersionDate "2017.10.06"]
[SourceQuality "1"]

1. e4 e6 2. d4 d5 3. Nd2 Nf6 4. e5 Nfd7 5. Bd3 c5 6. c3 Nc6 7. Ndf3 cxd4 8. cxd4 f6 9. exf6 Nxf6 10. Ne2 Bd6 11. 0-0 Qc7 12. a3 0-0 13. Qc2 Bd7 14. b4 a6 15. Bb2 Rac8 16. Rfe1 h6 17. Ng3 Qb6 18. Qe2 Rce8 19. Rad1 e5 20. Bg6 e4 21. Ne5 Bxe5 22. Bxe8 Bg4 23. Qd2 Bxg3 24. Bxc6 Bxf2+ 25. Qxf2 Bxd1 26. Rxd1 Qxc6 27. Rc1 Qd6 28. Qf5 Nd7 29. Qh5 Nb6 30. Qe5 Qxe5 31. dxe5 Nc4 32. Bd4 Re8 33. a4 Kf7 34. Kf2 Ke6 35. Ke2 Re7 36. b5 axb5 37. axb5 Nxe5 38. Rc8 Nc4 39. Rg8 Nd6 40. Bxg7 Re8 41. Rxe8+ Nxe8 42. Bxh6 Nd6 43. g4 Nxb5 44. Ke3 Nd6 45. h4 b5 46. h5 b4 47. Bg7 b3 48. h6 Kf7 49. Kf4 Kg6 50. Bd4 Nc4 51. h7 Kxh7 52. Kf5 b2 53. Bxb2 Nxb2 54. Ke6 e3 55. Kf7 Nc4 0-1

[Event "FRM-ch"]
[Site "Ohrid"]
[Date "2017.08.15"]
[Round "3"]
[White "Petrov, Anton"]
[Black "Petkovski, Vlatko"]
[Result "1/2-1/2"]
[WhiteElo "1862"]
[BlackElo "2140"]
[PlyCount "66"]
[EventDate "2017.08.13"]
[EventType "swiss"]
[EventRounds "9"]
[EventCountry "MKD"]
[SourceTitle "CBM 180 Extra"]
[Source "ChessBase"]
[SourceDate "2017.10.06"]
[SourceVersion "1"]
[SourceVersionDate "2017.10.06"]
[SourceQuality "1"]

1. e4 c5 2. Nf3 Nc6 3. d4 cxd4 4. Nxd4 Nf6 5. Nc3 e6 6. f4 Bb4 7. Qd3 d5 8. e5 Ne4 9. a3 Qa5 10. axb4 Qxa1 11. Nb3 Qa6 12. b5 Qb6 13. Be3 Nb4 14. Bxb6 Nxd3+ 15. Bxd3 Nxc3 16. Bd4 Na4 17. Kf2 Nb6 18. Ra1 Nd7 19. b6 a6 20. c4 dxc4 21. Bxc4 0-0 22. Nd2 Nb8 23. Ne4 Rd8 24. Nd6 Nd7 25. b4 Rb8 26. Bd3 Nf8 27. Be4 Ng6 28. g3 Ne7 29. Bc5 Nd5 30. Bxd5 exd5 31. Rd1 Be6 32. f5 Bd7 33. Rxd5 Bc6 1/2-1/2

[Event "Primorsko op"]
[Site "Primorsko"]
[Date "2016.09.21"]
[Round "4"]
[White "Vasileva, Cveta"]
[Black "Petrov, Anton"]
[Result "0-1"]
[WhiteElo "1585"]
[BlackElo "1869"]
[PlyCount "79"]
[EventDate "2016.09.18"]
[EventType "swiss"]
[EventRounds "9"]
[EventCountry "BUL"]
[SourceTitle "CBM 174 Extra"]
[Source "ChessBase"]
[SourceDate "2016.10.10"]
[SourceVersion "1"]
[SourceVersionDate "2016.10.10"]
[SourceQuality "1"]

1. d4 d5 2. c4 e6 3. Nc3 Nf6 4. Bg5 Be7 5. e3 0-0 6. cxd5 Nxd5 7. Bxe7 Qxe7 8. Nf3 Nxc3 9. bxc3 b6 10. Bd3 Bb7 11. 0-0 Nd7 12. Re1 c5 13. Rc1 e5 14. e4 cxd4 15. cxd4 exd4 16. Nxd4 Nc5 17. Nf5 Qe5 18. Bb1 Rad8 19. Qg4 g6 20. f4 Qb2 21. Ne7+ Kh8 22. Rc2 Qd4+ 23. Kh1 Nxe4 24. Qh4 Qf6 25. Qxf6+ Nxf6 26. Rc7 Rd7 27. Rxd7 Nxd7 28. Kg1 Nc5 29. Re5 Rd8 30. Re1 Rd2 31. g3 Rg2+ 32. Kf1 Rxh2 33. f5 Rh1+ 34. Kf2 Rxe1 35. Kxe1 Kg7 36. Kf2 Kf8 37. f6 Nd7 38. Ke3 Nxf6 39. Nxg6+ hxg6 40. a3 0-1

[Event "EU Union-ch U14 14th"]
[Site "Mureck"]
[Date "2016.08.10"]
[Round "8"]
[White "Petrov, Anton"]
[Black "Dabic, Stjepan"]
[Result "1-0"]
[WhiteElo "1836"]
[BlackElo "1741"]
[PlyCount "75"]
[EventDate "2016.08.03"]
[EventType "swiss"]
[EventRounds "9"]
[EventCountry "AUT"]
[SourceTitle "CBM 174 Extra"]
[Source "ChessBase"]
[SourceDate "2016.10.10"]
[SourceVersion "1"]
[SourceVersionDate "2016.10.10"]
[SourceQuality "1"]

1. g3 Nf6 2. Bg2 g6 3. d4 Bg7 4. c4 0-0 5. Nc3 d6 6. Nf3 Nbd7 7. 0-0 c5 8. e3 Rb8 9. b3 a6 10. Bb2 b5 11. cxb5 axb5 12. dxc5 Nxc5 13. Nd4 Bd7 14. b4 Ne6 15. Nc6 Bxc6 16. Bxc6 Nc7 17. Qe2 Rb6 18. Bg2 e6 19. Rfd1 Qe7 20. Rac1 e5 21. a3 Rd8 22. Rc2 Rdb8 23. Rdc1 Ne6 24. Nd5 Nxd5 25. Bxd5 h6 26. Qd3 Kh7 27. Qb3 Qe8 28. Rc6 Nd8 29. Rc7 Ne6 30. Ra7 Kh8 31. Bxe6 fxe6 32. Rcc7 Bf6 33. Rf7 Ra6 34. Rxa6 Qxf7 35. Rxd6 Re8 36. Qd3 Rc8 37. Qxb5 e4 38. Qd7 1-0

[Event "EU Union-ch U14 14th"]
[Site "Mureck"]
[Date "2016.08.05"]
[Round "3"]
[White "Petrov, Anton"]
[Black "Maetzkow, Maximilian Paul"]
[Result "1/2-1/2"]
[WhiteElo "1836"]
[BlackElo "2094"]
[PlyCount "62"]
[EventDate "2016.08.03"]
[EventType "swiss"]
[EventRounds "9"]
[EventCountry "AUT"]
[SourceTitle "CBM 174 Extra"]
[Source "ChessBase"]
[SourceDate "2016.10.10"]
[SourceVersion "1"]
[SourceVersionDate "2016.10.10"]
[SourceQuality "1"]

1. e4 c5 2. Nc3 Nc6 3. f4 g6 4. Nf3 Bg7 5. Bb5 Nd4 6. 0-0 a6 7. Be2 e6 8. e5 d6 9. exd6 Qxd6 10. d3 Ne7 11. Ne4 Qc7 12. c3 Nxe2+ 13. Qxe2 0-0 14. Be3 b6 15. Ne5 Bb7 16. Nc4 Rfd8 17. Rad1 Rac8 18. Bf2 Nf5 19. Ne3 Nxe3 20. Qxe3 Qc6 21. Bh4 Rd7 22. Rd2 c4 23. Rff2 Rxd3 24. Rxd3 cxd3 25. Nf6+ Bxf6 26. Bxf6 Qe4 27. Qxe4 Bxe4 28. Rd2 b5 29. Kf2 Rc4 30. b3 Rc8 31. Ke3 Bf5 1/2-1/2

[Event "Sofia MGU op 160th"]
[Site "Sofia"]
[Date "2016.01.09"]
[Round "2"]
[White "Petrov, Anton"]
[Black "Pavlov, Vladimir"]
[Result "1/2-1/2"]
[WhiteElo "1833"]
[BlackElo "1682"]
[PlyCount "45"]
[EventDate "2016.01.09"]
[EventType "swiss"]
[EventRounds "6"]
[EventCountry "BUL"]
[SourceTitle "CBM 170 Extra"]
[Source "ChessBase"]
[SourceDate "2016.02.25"]
[SourceVersion "1"]
[SourceVersionDate "2016.02.25"]
[SourceQuality "1"]

1. e4 e6 2. d4 d5 3. Nc3 Bb4 4. a3 Bxc3+ 5. bxc3 c5 6. Qg4 g6 7. e5 Nc6 8. Bd3 f5 9. exf6 Qxf6 10. Bg5 Qg7 11. 0-0-0 c4 12. Be2 Nf6 13. Qh4 Ne4 14. Re1 h6 15. Bd2 Qe7 16. Qxe7+ Kxe7 17. Nh3 Nxd2 18. Kxd2 Rf8 19. Bf3 Kd6 20. Ng1 Bd7 21. Ne2 Rae8 22. Rb1 b6 23. Rhd1 1/2-1/2

[Event "Sofia MGU op 156th"]
[Site "Sofia"]
[Date "2015.11.28"]
[Round "3"]
[White "Petrov, Anton"]
[Black "Mihalev, Daniil"]
[Result "0-1"]
[WhiteElo "1845"]
[BlackElo "1754"]
[PlyCount "90"]
[EventDate "2015.11.28"]
[EventType "swiss"]
[EventRounds "6"]
[EventCountry "BUL"]
[SourceTitle "CBM 169 Extra"]
[Source "ChessBase"]
[SourceDate "2015.12.18"]
[SourceVersion "1"]
[SourceVersionDate "2015.12.18"]
[SourceQuality "1"]

1. e4 e6 2. d4 c5 3. Nf3 cxd4 4. Nxd4 Nf6 5. Bd3 Nc6 6. Be3 Qa5+ 7. c3 Be7 8. 0-0 0-0 9. Nd2 d5 10. exd5 Qxd5 11. N2f3 b6 12. Nxc6 Qxc6 13. Nd4 Qd5 14. c4 Qd8 15. Nc6 Qc7 16. Nxe7+ Qxe7 17. Bg5 Bb7 18. Rc1 Rfd8 19. Qe2 h6 20. Bh4 Rd7 21. Bb1 Rad8 22. Rcd1 Rd4 23. Rxd4 Rxd4 24. Bg3 Qc5 25. b3 Qc6 26. f3 Qd7 27. Be1 Rd1 28. Bc3 Rxf1+ 29. Kxf1 Qd8 30. Qc2 Kf8 31. Qb2 Qd6 32. Be5 Qd1+ 33. Kf2 Qd8 34. Ke2 Ne8 35. Qc2 Nf6 36. c5 Qd5 37. Bd6+ Kg8 38. b4 Qd4 39. Qd2 Ba6+ 40. Kd1 Qc4 41. Be7 Nd5 42. cxb6 axb6 43. Bd6 Nc3+ 44. Kc1 Ne4+ 45. Qc2 Nxd6 0-1

[Event "Sofia MGU 153rd"]
[Site "Sofia"]
[Date "2015.10.24"]
[Round "2"]
[White "Petrov, Anton"]
[Black "Mladenov, Andrey"]
[Result "1-0"]
[WhiteElo "1870"]
[BlackElo "1604"]
[PlyCount "33"]
[EventDate "2015.10.24"]
[EventType "swiss"]
[EventRounds "6"]
[EventCountry "BUL"]
[SourceTitle "CBM 168 Extra"]
[Source "ChessBase"]
[SourceDate "2015.10.29"]
[SourceVersion "1"]
[SourceVersionDate "2015.10.29"]
[SourceQuality "1"]

1. e4 c5 2. Nf3 Nc6 3. d4 cxd4 4. Nxd4 Nf6 5. Nc3 e5 6. Ndb5 d6 7. Bg5 a6 8. Na3 b5 9. Nd5 Be7 10. Nxf6+ Bxf6 11. Bxf6 Qxf6 12. Qd5 Bb7 13. c4 b4 14. Nc2 a5 15. Qb5 Rb8 16. Ne3 0-0 17. Bd3 1-0

[Event "BUL-ch U20"]
[Site "Sofia"]
[Date "2015.02.22"]
[Round "5"]
[White "Petrov, Anton"]
[Black "Sharkov, Venko"]
[Result "1-0"]
[WhiteElo "1625"]
[BlackElo "1657"]
[PlyCount "87"]
[EventDate "2015.02.19"]
[EventType "tourn"]
[EventRounds "9"]
[EventCountry "BUL"]
[SourceTitle "CBM 165 Extra"]
[Source "ChessBase"]
[SourceDate "2015.04.21"]
[SourceVersion "1"]
[SourceVersionDate "2015.04.21"]
[SourceQuality "1"]

1. e4 e5 2. Nf3 Nc6 3. Bc4 Bc5 4. c3 Nf6 5. d3 d6 6. 0-0 0-0 7. a4 a6 8. b4 Ba7 9. Nbd2 Nh5 10. Nxe5 Nxe5 11. d4 Bg4 12. Be2 Bxe2 13. Qxe2 Nf4 14. Qe3 Qg5 15. g3 Ned3 16. Kh1 Nxc1 17. gxf4 Qe7 18. Raxc1 Rae8 19. f5 Kh8 20. Rg1 g6 21. Qh6 Rg8 22. Rce1 gxf5 23. exf5 Rxg1+ 24. Rxg1 f6 25. Rg3 Rg8 26. Re3 Qg7 27. Qxg7+ Rxg7 28. Re8+ Rg8 29. Re6 c5 30. Rxd6 cxb4 31. cxb4 Rg4 32. Nf3 Rf4 33. Kg2 Rg4+ 34. Kf1 Rf4 35. Ke2 Re4+ 36. Kd3 Rf4 37. Ke3 Rxf5 38. Rd8+ Kg7 39. Rd7+ Kh6 40. Rxb7 Rxf3+ 41. Kxf3 Bxd4 42. b5 axb5 43. Rxb5 Kg6 44. a5 1-0

[Event "BUL-ch U20"]
[Site "Sofia"]
[Date "2015.02.21"]
[Round "4"]
[White "Petrov, Martin"]
[Black "Petrov, Anton"]
[Result "1-0"]
[WhiteElo "2212"]
[BlackElo "1625"]
[PlyCount "83"]
[EventDate "2015.02.19"]
[EventType "tourn"]
[EventRounds "9"]
[EventCountry "BUL"]
[SourceTitle "CBM 165 Extra"]
[Source "ChessBase"]
[SourceDate "2015.04.21"]
[SourceVersion "1"]
[SourceVersionDate "2015.04.21"]
[SourceQuality "1"]

1. Nf3 Nf6 2. b3 b6 3. Bb2 Bb7 4. e3 e6 5. d4 d5 6. Nbd2 Nbd7 7. Bd3 Bd6 8. 0-0 0-0 9. Qe2 c5 10. Ne5 cxd4 11. exd4 Qc7 12. f4 Rfe8 13. Rae1 Re7 14. Rf3 Rc8 15. Rg3 Ne4 16. Bxe4 dxe4 17. Rc3 Qd8 18. Rxc8 Qxc8 19. Nxe4 Bxe4 20. Qxe4 Nf6 21. Qe2 Rc7 22. c4 Bb4 23. Rd1 Nd5 24. Qf3 Ne7 25. h3 Ng6 26. Kh1 Nxe5 27. fxe5 Qd8 28. Qg4 Qe7 29. Bc1 f6 30. Bf4 Rd7 31. exf6 Qxf6 32. Be5 Qf7 33. Qe2 Bd6 34. Rf1 Qe7 35. Re1 Bb4 36. Rf1 Bd6 37. Bxd6 Rxd6 38. Qe4 Qd8 39. c5 Rxd4 40. Qxe6+ Kh8 41. c6 h6 42. c7 1-0

[Event "Sofia MGU op 135th"]
[Site "Sofia"]
[Date "2015.02.07"]
[Round "3"]
[White "Bozilov, Dragan"]
[Black "Petrov, Anton"]
[Result "1-0"]
[WhiteElo "1951"]
[BlackElo "1625"]
[PlyCount "59"]
[EventDate "2015.02.07"]
[EventType "swiss"]
[EventRounds "6"]
[EventCountry "BUL"]
[SourceTitle "CBM 164 Extra"]
[Source "ChessBase"]
[SourceDate "2015.03.02"]
[SourceVersion "1"]
[SourceVersionDate "2015.03.02"]
[SourceQuality "1"]

1. d4 Nf6 2. c4 e6 3. Nc3 b6 4. Nf3 Bb7 5. Bg5 Bb4 6. e3 d6 7. Be2 Nbd7 8. Rc1 0-0 9. 0-0 Bxc3 10. Rxc3 Re8 11. Nd2 e5 12. d5 a5 13. Ne4 h6 14. Nxf6+ Nxf6 15. Bxf6 Qxf6 16. e4 Bc8 17. Qa4 Qe7 18. Qc2 Qg5 19. Rg3 Qf4 20. Bh5 Rf8 21. Re1 f5 22. Bg6 fxe4 23. Rxe4 Qf6 24. Rf3 Qe7 25. Rxf8+ Qxf8 26. Re3 Qf4 27. Rf3 Bf5 28. Bxf5 Qd4 29. Be6+ Kh8 30. h3 1-0

[Event "Sofia MGU op 134th"]
[Site "Sofia"]
[Date "2015.02.01"]
[Round "5"]
[White "Petrov, Anton"]
[Black "Georgiev, Nikolay"]
[Result "1-0"]
[WhiteElo "1647"]
[BlackElo "1639"]
[PlyCount "37"]
[EventDate "2015.01.31"]
[EventType "swiss"]
[EventRounds "6"]
[EventCountry "BUL"]
[SourceTitle "CBM 164 Extra"]
[Source "ChessBase"]
[SourceDate "2015.03.02"]
[SourceVersion "1"]
[SourceVersionDate "2015.03.02"]
[SourceQuality "1"]

1. e4 e5 2. Nf3 Nf6 3. Nc3 Nc6 4. d4 exd4 5. Nxd4 Bb4 6. Nxc6 bxc6 7. Bd3 d5 8. exd5 Nxd5 9. Bd2 Qf6 10. 0-0 Nxc3 11. bxc3 Bxc3 12. Qe1+ Be5 13. Bc3 0-0 14. Qxe5 Qxe5 15. Bxe5 Re8 16. Bxc7 a5 17. Rfe1 Bd7 18. Rxe8+ Rxe8 19. Bxa5 1-0

[Event "Sofia MGU op 43rd"]
[Site "Sofia"]
[Date "2011.11.20"]
[Round "6"]
[White "Vasilev, Martin"]
[Black "Petrov, Anton"]
[Result "1/2-1/2"]
[WhiteElo "1528"]
[BlackElo "2393"]
[PlyCount "86"]
[EventDate "2011.11.19"]
[EventType "swiss"]
[EventRounds "6"]
[EventCountry "BUL"]
[SourceTitle "CBM 145 Extra"]
[Source "ChessBase"]
[SourceDate "2012.01.03"]
[SourceVersion "1"]
[SourceVersionDate "2012.01.03"]
[SourceQuality "1"]

1. e4 g6 2. d4 Bg7 3. Nf3 d6 4. Be2 Nc6 5. Nc3 Bg4 6. Be3 Nf6 7. 0-0 0-0 8. h3 Bd7 9. Qd2 d5 10. e5 Ne4 11. Qe1 Nb4 12. Nxe4 Nxc2 13. Qc3 Nxa1 14. Ned2 Nc2 15. Qxc2 Bf5 16. Bd3 Bxd3 17. Qxd3 c6 18. Nb3 b6 19. Rc1 Qd7 20. Qc3 Rac8 21. Ne1 f6 22. exf6 Bxf6 23. Bh6 Rf7 24. Nf3 Qf5 25. Be3 c5 26. Qc2 Qxc2 27. Rxc2 c4 28. Nbd2 Re8 29. Ng5 Bxg5 30. Bxg5 e5 31. Nf3 exd4 32. Nxd4 a6 33. Be3 b5 34. Nc6 Rd7 35. Nd4 Re4 36. a3 g5 37. Re2 g4 38. hxg4 Rxg4 39. g3 Re4 40. Kg2 Kf7 41. Nf3 Kf6 42. Ng5 Ree7 43. Nf3 Re4 1/2-1/2

[Event "Sofia MGU op 39th"]
[Site "Sofia"]
[Date "2011.10.23"]
[Round "4"]
[White "Petrov, Anton"]
[Black "Kostov, Nikolai"]
[Result "1/2-1/2"]
[WhiteElo "2393"]
[BlackElo "1981"]
[PlyCount "46"]
[EventDate "2011.10.22"]
[EventType "swiss"]
[EventRounds "6"]
[EventCountry "BUL"]
[SourceTitle "EXT 2013"]
[Source "ChessBase"]
[SourceDate "2012.11.22"]
[SourceVersion "1"]
[SourceVersionDate "2012.11.22"]
[SourceQuality "1"]

1. e4 e5 2. Nf3 d6 3. Bc4 Nd7 4. 0-0 Be7 5. Nc3 c6 6. d4 Bf6 7. Be3 Ne7 8. Ng5 Bxg5 9. Bxg5 0-0 10. f4 h6 11. Bh4 Qe8 12. Qh5 exd4 13. Ne2 Nb6 14. Bb3 d5 15. exd5 cxd5 16. Nxd4 f6 17. Qxe8 Rxe8 18. Rfe1 Bd7 19. Rad1 Nf5 20. Rxe8+ Rxe8 21. Nxf5 Bxf5 22. Bxd5+ Nxd5 23. Rxd5 Bxc2 1/2-1/2

[Event "IECC O-2305"]
[Site "IECC email"]
[Date "2005.11.16"]
[Round "?"]
[White "Petrov, Anton"]
[Black "Finch, Ian"]
[Result "0-1"]
[WhiteElo "1023"]
[BlackElo "1017"]
[PlyCount "64"]
[EventDate "2005.??.??"]
[EventType "swiss (corr)"]
[EventRounds "2"]
[SourceTitle "Corr 2008"]
[Source "ChessBase"]
[SourceDate "2008.06.24"]
[SourceVersion "1"]
[SourceVersionDate "2008.06.24"]
[SourceQuality "1"]

1. e4 e6 2. e5 d5 3. f4 c5 4. d3 Nc6 5. c3 Nge7 6. d4 Nf5 7. Nf3 Be7 8. g3 0-0 9. b3 cxd4 10. cxd4 Bd7 11. Ba3 Bxa3 12. Nxa3 Qa5+ 13. Qd2 Qxa3 14. g4 Nfe7 15. Bd3 Rac8 16. 0-0 Nb4 17. Ne1 Nec6 18. Bb5 Nxe5 19. fxe5 Bxb5 20. Rf3 Rc7 21. Rh3 Rfc8 22. Rd1 Qxa2 23. Qxa2 Nxa2 24. Nd3 Nc3 25. Re1 Ne4 26. Nf4 Rc2 27. Ra1 Rb2 28. Ng2 Nd2 29. Rxa7 Rc1+ 30. Kf2 Ne4+ 31. Kf3 Rf2+ 32. Ke3 Rc3# 0-1

[Event "IECC M-5232"]
[Site "IECC email"]
[Date "2005.04.13"]
[Round "?"]
[White "Petrov, Anton"]
[Black "Magee, Kerry"]
[Result "1-0"]
[WhiteElo "982"]
[BlackElo "1100"]
[PlyCount "45"]
[EventDate "2005.??.??"]
[EventType "tourn (corr)"]
[EventRounds "10"]
[SourceTitle "Corr 2020"]
[Source "ChessBase"]
[SourceDate "2019.09.30"]
[SourceVersion "1"]
[SourceVersionDate "2019.09.30"]
[SourceQuality "1"]
[WhiteTeam "Russia"]
[BlackTeam "United States"]
[WhiteTeamCountry "RUS"]
[BlackTeamCountry "USA"]

1. e4 e5 2. Nf3 Nf6 3. Nxe5 d6 4. Nf3 Nxe4 5. d3 Bf5 6. Qe2 Nc6 7. dxe4 Qd7 8. exf5+ Be7 9. g4 0-0 10. Nc3 Rae8 11. Be3 Bf6 12. 0-0-0 Re7 13. Nd5 Bxb2+ 14. Kxb2 Re4 15. h3 Rfe8 16. c3 Na5 17. Nd2 Ra4 18. Qb5 Qxb5+ 19. Bxb5 Nc4+ 20. Nxc4 c6 21. Bxa4 Re4 22. Bb3 b5 23. Nxd6 1-0

[Event "IECC CL7-2005.05 email"]
[Site "IECC email"]
[Date "2005.02.25"]
[Round "?"]
[White "Hulse, David"]
[Black "Petrov, Anton"]
[Result "1-0"]
[WhiteElo "1083"]
[BlackElo "1013"]
[PlyCount "71"]
[EventDate "2005.??.??"]
[EventType "tourn (corr)"]
[EventRounds "4"]
[SourceTitle "Corr 2020"]
[Source "ChessBase"]
[SourceDate "2019.09.30"]
[SourceVersion "1"]
[SourceVersionDate "2019.09.30"]
[SourceQuality "1"]
[WhiteTeam "England"]
[BlackTeam "Russia"]
[WhiteTeamCountry "ENG"]
[BlackTeamCountry "RUS"]

1. e4 e5 2. Nf3 Nc6 3. d4 Bd6 4. Bc4 a6 5. a4 h5 6. h4 b6 7. Ng5 Qf6 8. Nxf7 Rh7 9. Bg5 Qg6 10. Nxd6+ Kf8 11. dxe5 cxd6 12. Qxd6+ Nge7 13. Nd2 Qxd6 14. exd6 Ng6 15. f4 Bb7 16. Bd5 a5 17. Nc4 Ra6 18. e5 Ba8 19. 0-0-0 Nh8 20. Be4 g6 21. Rhf1 Nf7 22. Bxg6 Rg7 23. Bxh5 Nb4 24. Bf3 Bc6 25. Bxc6 Nxc6 26. Rd5 Nfd8 27. Bh6 Ne6 28. f5 Nc5 29. f6 Ne6 30. fxg7+ Kg8 31. Rf8+ Kh7 32. Rh8+ Kg6 33. g8Q+ Kf5 34. Qh7+ Kg4 35. Rg8+ Kxh4 36. Bf4# 1-0

[Event "IECC CL7-2005.05 email"]
[Site "IECC email"]
[Date "2005.02.25"]
[Round "?"]
[White "Ostby, Frederick"]
[Black "Petrov, Anton"]
[Result "1-0"]
[WhiteElo "1269"]
[BlackElo "1001"]
[PlyCount "65"]
[EventDate "2005.??.??"]
[EventType "tourn (corr)"]
[EventRounds "4"]
[SourceTitle "Corr 2020"]
[Source "ChessBase"]
[SourceDate "2019.09.30"]
[SourceVersion "1"]
[SourceVersionDate "2019.09.30"]
[SourceQuality "1"]
[WhiteTeam "United States"]
[BlackTeam "Russia"]
[WhiteTeamCountry "USA"]
[BlackTeamCountry "RUS"]

1. e4 e5 2. Nf3 Nc6 3. Bb5 Nf6 4. 0-0 Nxe4 5. d4 f6 6. dxe5 fxe5 7. Qe2 Nc5 8. Bxc6 dxc6 9. Nxe5 Be6 10. Qh5+ Ke7 11. Ng6+ hxg6 12. Qxh8 Kf7 13. Nd2 b5 14. b3 b4 15. Nf3 Bd6 16. Qh7 Qf6 17. Be3 Ne4 18. Rae1 c5 19. Bc1 Bf5 20. Rxe4 Bxe4 21. Ng5+ Qxg5 22. Bxg5 Re8 23. Re1 Bf5 24. Rxe8 Kxe8 25. Qxg7 Bxc2 26. h4 Bb1 27. g3 Bxa2 28. Qb2 a5 29. Qxa2 c4 30. Qe2+ Kf7 31. Qxc4+ Kg7 32. Qe6 a4 33. Qd7+ 1-0

[Event "RUS Cup Qualifier 5"]
[Site "chessassistantclub.com INT"]
[Date "2004.12.24"]
[Round "?"]
[White "Galkin, Alexander"]
[Black "Petrov, Anton"]
[Result "1-0"]
[WhiteElo "2598"]
[BlackElo "2403"]
[PlyCount "33"]
[EventDate "2004.12.24"]
[EventType "swiss (blitz)"]
[EventRounds "13"]
[EventCountry "RUS"]
[SourceTitle "CBM 104 Extra"]
[Source "ChessBase"]
[SourceDate "2005.03.01"]
[SourceVersion "1"]
[SourceVersionDate "2005.03.01"]
[SourceQuality "1"]

1. e4 e6 2. d4 d5 3. Nc3 Bb4 4. e5 c5 5. a3 Bxc3+ 6. bxc3 Ne7 7. Nf3 0-0 8. Bd3 Nd7 9. Bxh7+ Kxh7 10. Ng5+ Kg6 11. Qg4 f5 12. Qg3 f4 13. Bxf4 Rxf4 14. Nxe6+ Kf7 15. Nxd8+ Ke8 16. Qxf4 Kxd8 17. 0-0 1-0